|
|
|
|
| LEADER |
00000nas a2200000 4500 |
| 001 |
ssj0007562 |
| 003 |
WaSeSS |
| 005 |
20200512172242.0 |
| 006 |
m d |
| 007 |
cr n |
| 008 |
750824c19559999wiumr1p s 0 a0eng d |
| 010 |
|
|
|a sc 77000255
|z 64053268
|
| 022 |
|
|
|y 0015-7473
|
| 030 |
|
|
|a FPJOAB
|
| 032 |
|
|
|a 205200
|b USPS
|
| 035 |
|
|
|a (WaSeSS)ssj0007562
|
| 040 |
|
|
|a MnMULS
|c MnMULS
|d FGULS
|d NSDP
|d DLC
|d NSDP
|d OCoLC
|d AIP
|d NST
|d NSDP
|d NST
|d DNAL
|d NST
|d OCoLC
|d NST
|d WaU
|d DLC
|d WaSeSS
|
| 042 |
|
|
|a nsdp
|a lc
|
| 050 |
0 |
0 |
|a TS800
|b .F58
|
| 070 |
0 |
|
|a 99.9
|b F7662J
|
| 072 |
|
0 |
|a K500
|
| 082 |
1 |
0 |
|a 338
|2 11
|
| 210 |
0 |
|
|a For. prod. j.
|
| 222 |
|
0 |
|a Forest products journal
|
| 245 |
0 |
0 |
|a Forest products journal
|h [electronic resource].
|
| 260 |
|
|
|a [Madison, Wis.,
|b Forest Products Society, etc.]
|
| 265 |
|
|
|a Circulation Dept., Forest Products Society, 2801 Marshall Court, Madison, WI 53705
|
| 362 |
0 |
|
|a v. 5- Feb. 1955-
|
| 506 |
|
|
|a License restrictions may limit access.
|
| 550 |
|
|
|a Issued 1955- by the society under its earlier name: Forest Products Research Society.
|
| 650 |
|
0 |
|a Forest products
|x Periodicals.
|
| 650 |
|
0 |
|a Forest products industry
|x Periodicals.
|
| 655 |
|
0 |
|a Electronic journals.
|
| 710 |
2 |
|
|a Forest Products Research Society.
|
| 710 |
2 |
|
|a Forest Products Society.
|
| 780 |
0 |
0 |
|a Forest Products Research Society.
|t Journal of the Forest Products Research Society
|x 0096-5693
|w (DLC)sn 80002433
|w (OCoLC)2080042
|
| 850 |
|
|
|a CU-Riv
|a CU-RivA
|a CaSSU
|a DNAL
|a FU
|a ICU
|a INS
|a NcD
|a NcRS
|a OC
|a WaU
|
| 856 |
4 |
0 |
|z Full text available from Research Library: 01/01/1993 to present
|u https://search.proquest.com/publication/25222
|